| 000 | 00401nam a22001697a 4500 | ||
|---|---|---|---|
| 003 | MPLRDC | ||
| 005 | 20220104175933.0 | ||
| 008 | 210129b ||||| |||| 00| 0 eng d | ||
| 082 | _a859.6 MAT | ||
| 100 | _aMATLOB | ||
| 245 |
_aANJING POLIS _c |
||
| 250 | _a第三版 | ||
| 260 |
_a _bPUSTAKA NASIONAL SINGAPURA _c1977 |
||
| 300 | _b平 | ||
| 650 | _aSASTERA KANAK-KANAK | ||
| 942 |
_cBK _o859.6 MAT |
||
| 999 |
_c60656 _d60646 |
||